000 00726nam a22002177a 4500
003 UA-OsUOA
001 110914
007 ta
008 20150415b un ||||| |||| 00| 0 ukr d
100 _aКудляк Ю.
090 _a330(477)
_bК88
942 _cSA
040 _aUA-OsUOA
_bukr
_cUA-OsUOA
_dUA-OsUOA
245 _aОсобливості трансформації банківської системи України в умовах посилення регуляторних вимог до дільності банків
300 _aС.25-31
955 _a0
041 _aukr
080 _a330(477)
773 0 _w110913
_tЕкономіст
_dК.
_d2015
_g2
650 7 _a330 Економіка взагалі
_2UDC
999 _c397177
_d397177